Départements français de 63 à 95 - Trouvez l'erreur - Statistiques

Statistiques générales
  • Ce quiz a été pris 17 fois
  • Le résultat moyen est 16 sur 33
Statistiques - réponses
Question Réponse % Correct
LES HAUTS-DE-SEINE a pour préfecture Boulogne-Billancourt
100%
LA VIENNE a pour préfecture Vienne
100%
LA SEINE-ET-MARNE appartient à la région Normandie
100%
LE PUY-DE-DOME c'est la région des églises gothiques
100%
LA HAUTE-SAVOIE elle a 4 députés
100%
LA VENDEE est en région Bretagne
100%
LA SAONE-ET-LOIRE la Loire y prend sa source
100%
LA SAVOIE la plus grande ville est Annecy
100%
LES PYRENEES-ORIENTALES l'Aube y prend sa source
100%
LE HAUT-RHIN Mulhouse est la préfecture et la ville la plus peuplée
100%
LES VOSGES sont limitrophes de l'Allemagne
100%
LE RHONE a deux sous-préfectures
50%
LE TARN-ET-GARONNE a été créé en 1811
50%
LA SARTHE appartient à la région Centre-Val-de-Loire
50%
LA HAUTE-SAONE appartient à la région Grand-Est
50%
LA SOMME le mot Somme vient du latin "summa"
50%
LE TARN on peut y voir le viaduc de Millau
50%
LES HAUTES-PYRENEES ont vu naître le maréchal Joffre
50%
LA HAUTE-VIENNE on y élève une race de chèvre limousine
50%
LES PYRENEES-ATLANTIQUES s'y trouve la capitale mondiale de la pêche à la truite
50%
LES DEUX-SEVRES tire son nom de deux affluents de la Loire
50%
LA SEINE-MARITIME A Dieppe se trouve l'ancienne résidence d'été de Louis-Philippe
0%
LE TERRITOIRE DE BELFORT a été créé en 1919
0%
LES YVELINES a triplé sa population depuis 1962
0%
LE VAL D'OISE a vu naître et mourir Mistinguett
0%
LA SEINE-SAINT-DENIS compte 3 communes de plus de 100000 habitants
0%
L'ESSONNE est desservi par les RER B et D
0%
LE BAS-RHIN la coiffe des Alsaciennes est blanche
0%
L'YONNE la roche de Solutré s'y trouve
0%
LE VAUCLUSE on y produit un melon IGP
0%
LE VAL-DE-MARNE sa plus grande ville est aussi sa préfecture
0%
PARIS sa plus longue rue est l'avenue Foch
0%
LE VAR son point culminant est à 776 m
0%
Aucun quiz correspondant
Distribution des résultats
% des personnes avec chaque résultat
Percentile par nombre de réponses
Votre historique - résultats
Vous n’avez pas pris ce quiz